[Event "TUR-ch U18 Girls"]
[Site "Belek Antalya"]
[Date "2024.01.23"]
[Round "3"]
[White "Ermemis, Zehra Ece"]
[Black "Yigit, Cansu"]
[Result "1/2-1/2"]
[WhiteElo "1533"]
[BlackElo "1298"]
[PlyCount "142"]
[EventDate "2024.01.21"]
[EventType "swiss"]
[EventRounds "7"]
[EventCountry "TUR"]
[SourceTitle "EXT 2025"]
[Source "ChessBase"]
[SourceDate "2024.10.14"]
[SourceVersion "1"]
[SourceVersionDate "2024.10.14"]
[SourceQuality "1"]

1. e4 e5 2. Nf3 Nc6 3. d4 exd4 4. Nxd4 Bc5 5. Be3 Qf6 6. c3 Nge7 7. Be2 0-0 8. 0-0 Bb6 9. Na3 d5 10. Nxc6 bxc6 11. Qd3 dxe4 12. Qxe4 Bf5 13. Qf3 Nd5 14. Nc4 Rfe8 15. Rad1 Qe6 16. Nxb6 cxb6 17. Bc4 Bg4 18. Bxd5 Bxf3 19. Bxe6 Bxd1 20. Bxf7+ Kxf7 21. Rxd1 Rad8 22. Ra1 Rd7 23. Kf1 c5 24. a4 a6 25. a5 bxa5 26. Rxa5 Rd1+ 27. Ke2 Rb1 28. Rxa6 Rxb2+ 29. Kd3 Rxe3+ 30. Kxe3 Rc2 31. Ra3 Ke6 32. g4 g6 33. h4 h5 34. g5 Kf5 35. f3 Rh2 36. Ra4 Rc2 37. Rc4 Ke5 38. Rxc5+ Kd6 39. Rc4 Kd5 40. Rd4+ Ke5 41. Re4+ Kf5 42. Rc4 Ke5 43. Rc8 Rh2 44. Re8+ Kf5 45. Rf8+ Ke5 46. Rf6 Rxh4 47. Rxg6 Rc4 48. f4+ Kf5 49. Rf6+ Kg4 50. Kd3 Rc8 51. g6 Rg8 52. f5 h4 53. g7 h3 54. Rh6 Rxg7 55. Rg6+ Rxg6 56. fxg6 h2 57. g7 h1Q 58. g8Q+ Kf5 59. Qf7+ Kg4 60. Qg6+ Kf4 61. Qf6+ Kg4 62. Qd4+ Kf5 63. Qd7+ Kg5 64. Kc4 Qe4+ 65. Qd4 Qe2+ 66. Kb4 Qb2+ 67. Kc5 Qa3+ 68. Qb4 Qa7+ 69. Kc6 Qa8+ 70. Qb7 Qe8+ 71. Kb6 Qe3+ 1/2-1/2

[Event "TUR Cup"]
[Site "Denizli"]
[Date "2023.07.22"]
[Round "9"]
[White "Tirpan, Ceren"]
[Black "Ermemis, Zehra Ece"]
[Result "1-0"]
[WhiteElo "1765"]
[BlackElo "1391"]
[PlyCount "67"]
[EventDate "2023.07.16"]
[EventType "team-tourn"]
[EventRounds "9"]
[EventCountry "TUR"]
[SourceTitle "CBM 215 Extra"]
[Source "ChessBase"]
[SourceDate "2023.09.30"]
[SourceVersion "1"]
[SourceVersionDate "2023.09.30"]
[SourceQuality "1"]

1. e4 c5 2. Nc3 d6 3. Nf3 Nf6 4. d4 cxd4 5. Nxd4 a6 6. a4 e5 7. Nf3 Be7 8. h3 h6 9. Bc4 Nbd7 10. Be3 b6 11. Qd3 Bb7 12. Rd1 Qc7 13. Nd2 Nc5 14. Qe2 0-0 15. 0-0 Qc6 16. Bxc5 Qxc5 17. Bd3 Rfd8 18. Nc4 Qc7 19. Qe3 Nd7 20. Qg3 Nc5 21. Ne3 Bf8 22. f4 exf4 23. Qxf4 Ne6 24. Qg3 Bc6 25. Ned5 Bxd5 26. Nxd5 Qc5+ 27. Kh1 Nc7 28. Qf3 Rd7 29. Nf6+ gxf6 30. Qg4+ Qg5 31. Qxd7 Ne6 32. Rf5 Qg3 33. Rxf6 Kg7 34. Qxf7+ 1-0